[Event "World Rapid 2023"]
[Site "Samarkand UZB"]
[Date "2023.12.27"]
[EventDate "2023.12.26"]
[Round "6.89"]
[Result "0-1"]
[White "Sinisa Drazic"]
[Black "Almas Rakhmatullaev"]
[WhiteElo "2264"]
[BlackElo "2383"]
[PlyCount "78"]

1. d4 d5 2. c4 e6 3. Nc3 a6 4. e3 Nf6 5. a3 Be7 6. c5 O-O 7. Bd3 b6 8. b4 a5 9.
Rb1 axb4 10. axb4 bxc5 11. bxc5 Ba6 12. Nf3 Nc6 13. O-O Na5 14. Bxa6 Rxa6 15.
Qd3 Ra8 16. h3 Nd7 17. e4 dxe4 18. Qxe4 Nf6 19. Qc2 Nc6 20. Nb5 Nd5 21. Bd2 Bf6
22. Qe4 Ra4 23. Rfd1 Qd7 24. h4 Rd8 25. Bg5 Ncb4 26. Bxf6 gxf6 27. Rb3 Qxb5 28.
Ne5 fxe5 29. Rg3+ Kf8 30. Qxe5 Ke7 31. Rg7 Rf8 32. Rxh7 Nc6 33. Qg5+ Kd7 34. Qg7
Raa8 35. h5 Qe2 36. Rf1 Qe4 37. Qh6 Nxd4 38. c6+ Kd6 39. Rg7 Ne2+ 0-1

[Event "World Rapid 2023"]
[Site "Samarkand UZB"]
[Date "2023.12.27"]
[EventDate "2023.12.26"]
[Round "6.90"]
[Result "0-1"]
[White "Shahruh Turayev"]
[Black "Maksim Tsaruk"]
[WhiteElo "2183"]
[BlackElo "2460"]
[PlyCount "98"]

1. d4 Nf6 2. c4 e6 3. Nf3 b6 4. g3 Bb7 5. Bg2 Be7 6. O-O O-O 7. Nc3 Ne4 8. Qc2
Nxc3 9. bxc3 f5 10. c5 bxc5 11. Qb3 Qc8 12. Ba3 c4 13. Qa4 Bxa3 14. Qxa3 d6 15.
Rab1 Bd5 16. Nd2 Nd7 17. f3 Nb6 18. e4 Bc6 19. Qa5 f4 20. Bh3 Qe8 21. Qg5 e5 22.
d5 Bd7 23. Bxd7 Qxd7 24. Rb4 a5 25. Rbb1 Rf6 26. g4 Qa4 27. Rb2 Qa3 28. Rc2 Na4
29. Qh4 Nc5 30. Rb1 Nd3 31. Nf1 c6 32. dxc6 Qc5+ 33. Kh1 Qxc6 34. Qh3 d5 35.
exd5 Qxd5 36. Qg2 Re8 37. Nd2 Rff8 38. Ne4 Rb8 39. Qf1 a4 40. Rd2 a3 41. g5 Rb2
42. Rbd1 Rfb8 43. Qg2 Rxd2 44. Nxd2 Rb2 45. g6 h6 46. Rb1 Qc5 47. h4 Qe3 48. Kh2
Qxd2 49. Rxb2 Qxb2 0-1

[Event "World Rapid 2023"]
[Site "Samarkand UZB"]
[Date "2023.12.27"]
[EventDate "2023.12.26"]
[Round "6.91"]
[Result "1-0"]
[White "Giovanni Vescovi"]
[Black "Kanan Garayev"]
[WhiteElo "2584"]
[BlackElo "2356"]
[PlyCount "136"]

1. c4 e6 2. Nf3 d5 3. e3 Nf6 4. b3 Be7 5. Bb2 O-O 6. Be2 b6 7. O-O Bb7 8. d4 c5
9. Nc3 Nc6 10. cxd5 exd5 11. Rc1 Re8 12. dxc5 bxc5 13. Na4 Ne4 14. Nd2 Nxd2 15.
Qxd2 d4 16. Nxc5 Bxc5 17. Rxc5 Qe7 18. Rfc1 dxe3 19. Qxe3 Qf8 20. Qd3 Rad8 21.
Qb5 Rd2 22. Bxg7 Kxg7 23. Bf3 Nd4 24. Rg5+ Kf6 25. Qa5 Qd6 26. Rg4 Nxf3+ 27.
gxf3 Rd1+ 28. Kg2 Rxc1 29. Qg5+ Ke6 30. Qxc1 Kd7 31. Qc4 Bd5 32. Qa4+ Ke7 33.
Qxa7+ Kf8 34. Qd4 Ke7 35. Qa7+ Kf6 36. Qd4+ Qe5 37. Qd2 Be6 38. Qh6+ Ke7 39.
Qh4+ Kd6 40. Rg5 f5 41. Qb4+ Qc5 42. Qd2+ Kc6 43. Rg7 Rg8 44. Qg5 Qf8 45. Qc1+
Qc5 46. Qh6 Rxg7+ 47. Qxg7 f4 48. Qxh7 Qg5+ 49. Kh1 Bd5 50. Qd3 Kd6 51. h3 Qh5
52. Kg2 Qg5+ 53. Kh2 Qe5 54. a4 Qe1 55. Kg2 Qb4 56. h4 Qxb3 57. Qg6+ Kc5 58. Qg4
Qxa4 59. h5 Bc4 60. Qg5+ Kb6 61. Qf6+ Kc5 62. Qe5+ Bd5 63. h6 Qc6 64. Qc3+ Bc4
65. Qg7 Be2 66. h7 Bxf3+ 67. Kh2 Bg4 68. Qc3+ 1-0

[Event "World Rapid 2023"]
[Site "Samarkand UZB"]
[Date "2023.12.27"]
[EventDate "2023.12.26"]
[Round "6.68"]
[Result "1-0"]
[White "Vasquez Schroeder, Rodrigo"]
[Black "Bakhrom Bakhrillaev"]
[WhiteElo "2475"]
[BlackElo "2332"]
[PlyCount "70"]

1. d4 Nf6 2. c4 g6 3. g3 Bg7 4. Bg2 O-O 5. Nc3 d6 6. Nf3 c5 7. O-O Nc6 8. d5 Na5
9. Nd2 a6 10. Rb1 e6 11. b3 exd5 12. cxd5 Re8 13. Qc2 b5 14. e4 b4 15. Nd1 Bd7
16. Ne3 Bb5 17. Re1 Nd7 18. Bb2 Ne5 19. Nec4 Nexc4 20. bxc4 Bxb2 21. Rxb2 Bd7
22. f4 Qf6 23. e5 dxe5 24. Ne4 Qb6 25. d6 Kg7 26. Qf2 exf4 27. Rbe2 Bg4 28. Nxc5
Rxe2 29. Rxe2 f3 30. Ne6+ Bxe6 31. Qxb6 fxe2 32. Kf2 Re8 33. Qxa5 Bg4 34. Ke1
Re3 35. Qg5 1-0

[Event "World Rapid 2023"]
[Site "Samarkand UZB"]
[Date "2023.12.27"]
[EventDate "2023.12.26"]
[Round "6.93"]
[Result "1-0"]
[White "Van Foreest, Lucas"]
[Black "Daler Vakhidov"]
[WhiteElo "2530"]
[BlackElo "2175"]
[PlyCount "168"]

1. c4 Nf6 2. g3 d5 3. cxd5 Nxd5 4. Bg2 e5 5. Nf3 Nc6 6. O-O Be7 7. Nc3 Nb6 8. b3
O-O 9. Bb2 Be6 10. Qc1 f6 11. Rd1 Rb8 12. d4 Nxd4 13. Nxd4 exd4 14. Ne4 c6 15.
Bxd4 Qc7 16. Nc5 Bxc5 17. Qxc5 Rfe8 18. e4 Ra8 19. Be3 Nd7 20. Qc3 a5 21. a4 Qe5
22. Bd4 Qh5 23. f3 Qf7 24. Rab1 h5 25. Rd2 h4 26. Bf2 h3 27. Bf1 f5 28. exf5
Qxf5 29. Bd3 Qh5 30. Bd4 Bd5 31. Rf1 Re7 32. Bc4 Bxc4 33. Qxc4+ Rf7 34. Re2 Rf8
35. Re7 Qd5 36. Qxd5 cxd5 37. Rfe1 Nb8 38. Rxf7 Kxf7 39. Kf2 Rc8 40. g4 Rc2+ 41.
Kg3 Nc6 42. Rd1 g5 43. Be3 Rc3 44. Bxg5 Ne5 45. Rxd5 Ke6 46. Rxa5 Rxf3+ 47. Kh4
Rxb3 48. Bf4 Nc6 49. Rb5 Ra3 50. Bg3 Rxa4 51. Rxb7 Ne7 52. Kxh3 Nd5 53. Rg7 Kf6
54. Rg8 Ra3 55. Rf8+ Kg7 56. Rf5 Nf6 57. Kh4 Kg6 58. Rg5+ Kf7 59. Be5 Ne4 60.
Rf5+ Kg6 61. Rf4 Nd2 62. Rf6+ Kh7 63. Bf4 Kg7 64. Rd6 Ne4 65. Rd4 Nf2 66. Bg3
Nd3 67. Rd7+ Kg6 68. Rd6+ Kg7 69. Kh5 Nc5 70. g5 Ne4 71. Rd7+ Kf8 72. Bd6+ Nxd6
73. Rxd6 Rh3+ 74. Kg6 Rxh2 75. Rd8+ Ke7 76. Rg8 Rg2 77. Kh7 Kf7 78. g6+ Kf6 79.
Rf8+ Ke7 80. Rf1 Rh2+ 81. Kg8 Rg2 82. g7 Rg4 83. Rh1 Kf6 84. Kh8 1-0

[Event "World Rapid 2023"]
[Site "Samarkand UZB"]
[Date "2023.12.27"]
[EventDate "2023.12.26"]
[Round "6.94"]
[Result "1-0"]
[White "Tigran K Harutyunyan"]
[Black "Jaloliddin Ilkhomi"]
[WhiteElo "2519"]
[BlackElo "2222"]
[PlyCount "154"]

1. Nf3 Nf6 2. c4 e6 3. g3 b6 4. Bg2 Bb7 5. O-O Be7 6. d4 O-O 7. Qc2 c5 8. dxc5
bxc5 9. Rd1 Nc6 10. Nc3 Qb6 11. Bf4 d5 12. cxd5 Nb4 13. Qc1 Nbxd5 14. Bd2 Rfd8
15. b3 Rac8 16. Ne5 Nxc3 17. Bxc3 Bxg2 18. Kxg2 Qb7+ 19. f3 Rxd1 20. Qxd1 Nd5
21. Qd2 Bf6 22. Bb2 Rd8 23. Nc4 Nb6 24. Qf4 Bxb2 25. Nxb2 Qa6 26. Kf2 h6 27. Nd3
Nd5 28. Qh4 Qb6 29. Qc4 Nb4 30. Nb2 Rd4 31. Qc1 c4 32. Na4 Qc6 33. Qc3 Qd6 34.
bxc4 Nc6 35. Rc1 Qe5 36. Qe3 Qa5 37. Qb3 Qd2 38. Rb1 Rd8 39. Qb2 Qa5 40. Qb5 Qc7
41. Qc5 Qd7 42. Nc3 Rc8 43. Ne4 Qc7 44. Qd6 Ne5 45. c5 Nd7 46. Qxc7 Rxc7 47. c6
Rxc6 48. Rb7 Nc5 49. Nxc5 Rxc5 50. Rxa7 Rc2 51. Ke3 g5 52. a4 Ra2 53. a5 Kg7 54.
a6 Ra3+ 55. Kf2 Kf6 56. h4 gxh4 57. gxh4 Kg7 58. Kg3 Kf6 59. e4 Ra5 60. Ra8 Kg7
61. Kf4 Kf6 62. Ke3 Ra4 63. Ra7 Ra3+ 64. Kf4 Ra4 65. h5 Ra5 66. e5+ Kg7 67. Ke4
Ra4+ 68. Ke3 Ra3+ 69. Kd4 Ra4+ 70. Kc5 Ra5+ 71. Kb4 Rxe5 72. Rc7 Re1 73. a7 Ra1
74. Kb5 Kf6 75. Kb6 Kg5 76. Rc5+ f5 77. Ra5 1-0

[Event "World Rapid 2023"]
[Site "Samarkand UZB"]
[Date "2023.12.27"]
[EventDate "2023.12.26"]
[Round "6.95"]
[Result "1-0"]
[White "Timur Yonal"]
[Black "Mohamed Tissir"]
[WhiteElo "2003"]
[BlackElo "2349"]
[PlyCount "64"]

1. e4 c5 2. Nc3 Nc6 3. Bb5 Nd4 4. Bc4 e6 5. Nge2 Qc7 6. d3 Nf6 7. Bf4 Bd6 8. Be3
Be5 9. f4 Ng4 10. Bd2 Nxe2 11. Nb5 Qb8 12. fxe5 Nxe5 13. Qxe2 a6 14. Nc3 b5 15.
Bb3 Bb7 16. a4 b4 17. Nd1 O-O 18. O-O Qc7 19. Bf4 d6 20. Bxe5 dxe5 21. Ne3 Kh8
22. c3 Rad8 23. Rac1 Qd7 24. Rfd1 f5 25. Nc4 Qc7 26. cxb4 cxb4 27. Rf1 f4 28.
Kh1 Rf6 29. Qh5 Qe7 30. Qxe5 Rdf8 31. Nd2 Qf7 32. Rc7 1-0

[Event "World Rapid 2023"]
[Site "Samarkand UZB"]
[Date "2023.12.27"]
[EventDate "2023.12.26"]
[Round "6.96"]
[Result "0-1"]
[White "Nikolay Tregubenko"]
[Black "Gianmarco Leiva"]
[WhiteElo "2017"]
[BlackElo "2398"]
[PlyCount "108"]

1. e4 c6 2. d4 d5 3. e5 Bf5 4. h4 h5 5. Bg5 Qb6 6. Bd3 Bxd3 7. Qxd3 e6 8. Nd2
Ne7 9. c4 Nf5 10. Ne2 Bb4 11. Rd1 dxc4 12. Qxc4 a5 13. a3 Bxd2+ 14. Rxd2 Qa6 15.
Qb3 Nd7 16. O-O a4 17. Qb4 Qb6 18. Qc4 Ra5 19. Nf4 Qb3 20. Qe2 g6 21. Bf6 Nxf6
22. exf6 Qb5 23. Rd3 O-O 24. d5 cxd5 25. Rc1 d4 26. Rc7 Qe5 27. Qxe5 Rxe5 28.
Rxb7 Nxh4 29. Rxd4 Rg5 30. Kf1 Rg4 31. g3 Nf5 32. Rdd7 h4 33. Nd3 hxg3 34. fxg3
Nxg3+ 35. Ke1 Nh5 36. Nc5 Nxf6 37. Re7 Rf4 38. Ra7 Nd5 39. Red7 Rc8 40. Nd3 Rf5
41. Rxa4 Nb6 42. Raa7 Nxd7 43. Rxd7 g5 44. b4 g4 45. Rd4 Rg5 46. Nc5 g3 47. Kf1
Kg7 48. Kg2 Rh8 49. Rd7 Rh2+ 50. Kg1 Re5 51. Rd1 Ree2 52. b5 Reg2+ 53. Kf1 Rc2
54. Kg1 Rxc5 0-1

[Event "World Rapid 2023"]
[Site "Samarkand UZB"]
[Date "2023.12.27"]
[EventDate "2023.12.26"]
[Round "6.97"]
[Result "0-1"]
[White "Akmal Fayzullaev"]
[Black "Danis Kuandykuly"]
[WhiteElo "2367"]
[BlackElo "2095"]
[PlyCount "78"]

1. e4 c5 2. Nf3 d6 3. d4 cxd4 4. Nxd4 Nf6 5. Nc3 Nc6 6. Bc4 Qb6 7. Nb3 e6 8. Be3
Qc7 9. Qe2 a6 10. a4 Be7 11. a5 Ne5 12. Bd3 O-O 13. O-O Nxd3 14. cxd3 e5 15.
Rfc1 Qd8 16. Bb6 Qe8 17. Nd2 Be6 18. Nc4 Rc8 19. Be3 Rc6 20. h3 Qb8 21. f4 Re8
22. f5 Bxf5 23. exf5 d5 24. Nb6 d4 25. Ne4 dxe3 26. Qxe3 Qd8 27. Rxc6 bxc6 28.
Nxf6+ Bxf6 29. Qe4 h6 30. Rc1 Qb8 31. Rxc6 Rd8 32. Qc4 e4 33. Qxe4 Bd4+ 34. Kh1
Bf6 35. b4 Re8 36. Re6 fxe6 37. Nd7 Qd8 38. fxe6 Qe7 39. Nc5 Qd6 0-1

[Event "World Rapid 2023"]
[Site "Samarkand UZB"]
[Date "2023.12.27"]
[EventDate "2023.12.26"]
[Round "6.98"]
[Result "0-1"]
[White "David Bogdan"]
[Black "Gallego Alcaraz, Andres Felipe"]
[WhiteElo "1671"]
[BlackElo "2486"]
[PlyCount "70"]

1. e4 e6 2. d4 d5 3. e5 c5 4. c3 Nc6 5. Nf3 Nh6 6. h3 Bd7 7. a3 f6 8. exf6 Qxf6
9. Bg5 Qf7 10. Bb5 Bd6 11. O-O cxd4 12. cxd4 Nf5 13. Re1 h6 14. Be3 O-O 15. Bd3
Ncxd4 16. Bxd4 Nxd4 17. Bh7+ Kxh7 18. Qxd4 Qf4 19. Qd3+ Kg8 20. Nc3 Rae8 21.
Red1 Bc6 22. b4 a6 23. Ne2 Qf7 24. Ned4 Bd7 25. Nb3 Bb5 26. Qd4 Be2 27. Qe3 Bxf3
28. gxf3 Qxf3 29. Rd3 Qh5 30. Nd4 Rf6 31. Ne2 Ref8 32. Rf1 Rg6+ 33. Kh1 Rf5 34.
Ng1 Rf4 35. Rd4 Qg5 0-1

[Event "World Rapid 2023"]
[Site "Samarkand UZB"]
[Date "2023.12.27"]
[EventDate "2023.12.26"]
[Round "6.99"]
[Result "1-0"]
[White "Eldiar Orozbaev"]
[Black "Ali Kasimov"]
[WhiteElo "2305"]
[BlackElo "2206"]
[PlyCount "72"]

1. e4 c5 2. Nc3 Nc6 3. g3 g6 4. Bg2 Bg7 5. d3 d6 6. Be3 Rb8 7. Qd2 b5 8. Nge2 b4
9. Nd1 Nd4 10. O-O Nxe2+ 11. Qxe2 Nf6 12. f4 O-O 13. h3 a5 14. g4 Ba6 15. h4 c4
16. h5 cxd3 17. cxd3 Nd7 18. f5 Ne5 19. Nf2 Qd7 20. Qd2 Rfc8 21. Bh6 Bh8 22.
fxg6 hxg6 23. hxg6 Nxg6 24. Nh3 Qxg4 25. Rf5 e6 26. Rxa5 Bb5 27. Qf2 Nh4 28. Be3
Qxg2+ 29. Qxg2+ Nxg2 30. Kxg2 Bxd3 31. Kf3 Bxb2 32. Rg1+ Kf8 33. Bh6+ Ke8 34.
Ra7 Bxe4+ 35. Kxe4 d5+ 36. Kd3 1-0

[Event "World Rapid 2023"]
[Site "Samarkand UZB"]
[Date "2023.12.27"]
[EventDate "2023.12.26"]
[Round "6.100"]
[Result "1-0"]
[White "Felix Xie"]
[Black "Rojas Salas, Steven"]
[WhiteElo "2244"]
[BlackElo "2172"]
[PlyCount "152"]

1. e4 c5 2. Nf3 e6 3. d4 cxd4 4. Nxd4 a6 5. g3 Nf6 6. Bg2 h5 7. h4 Bc5 8. O-O d6
9. Bg5 Qc7 10. Nb3 Ba7 11. Qe2 Nc6 12. Be3 Bxe3 13. Qxe3 Ne5 14. c3 b6 15. N1d2
Bb7 16. Qe2 Nfd7 17. Rfd1 b5 18. a4 bxa4 19. Rxa4 Nb6 20. Raa1 Ke7 21. Na5 Bc8
22. Nf3 Bd7 23. Nxe5 dxe5 24. Qd2 f6 25. c4 Rac8 26. b4 Rhd8 27. c5 Ba4 28.
Qxd8+ Rxd8 29. Rxd8 Qxd8 30. cxb6 Qxb6 31. Rxa4 Kf7 32. Bf1 Qd4 33. Nb3 Qxe4 34.
Nc5 Qb1 35. Nxa6 e4 36. b5 e3 37. fxe3 Qe1 38. Kg2 Qd2+ 39. Kh1 Qe1 40. Kg2 Qd2+
41. Kh1 Qe1 42. Rf4 Qxg3 43. b6 Qxe3 44. Rb4 Qf2 45. Bg2 Qe1+ 46. Kh2 Qe5+ 47.
Kh3 Qc3+ 48. Kh2 Qe5+ 49. Kg1 Qe1+ 50. Bf1 Qg3+ 51. Kh1 Qe1 52. Kg2 Qd2+ 53. Kg1
Qe3+ 54. Kh2 Qe5+ 55. Kg2 Qd5+ 56. Kf2 Qf5+ 57. Ke1 Qe5+ 58. Be2 Qg3+ 59. Kd2
Qd6+ 60. Bd3 Qh2+ 61. Be2 Qd6+ 62. Bd3 Qh2+ 63. Kc3 Qe5+ 64. Kb3 Qd5+ 65. Bc4
Qd1+ 66. Kb2 Qd2+ 67. Ka3 Qc1+ 68. Ka4 Qd1+ 69. Kb5 Qd7+ 70. Ka5 Qb7 71. Bxe6+
Ke7 72. Bc4 Kd6 73. Rb5 Qh1 74. b7 Qa1+ 75. Kb6 Qd4+ 76. Nc5 1-0

[Event "World Rapid 2023"]
[Site "Samarkand UZB"]
[Date "2023.12.27"]
[EventDate "2023.12.26"]
[Round "9.89"]
[Result "0-1"]
[White "Emin Ohanyan"]
[Black "Sinisa Drazic"]
[WhiteElo "2456"]
[BlackElo "2264"]
[PlyCount "132"]

1. d4 d5 2. c4 dxc4 3. e4 Nf6 4. e5 Nd5 5. Bxc4 Nc6 6. Ne2 Be6 7. Bb3 Qd7 8.
Nbc3 Rd8 9. O-O Nb6 10. Bxe6 Qxe6 11. Nb5 Qc8 12. e6 a6 13. exf7+ Kxf7 14. Nbc3
e6 15. Bg5 Be7 16. Bxe7 Nxe7 17. Qd3 Nc6 18. Qf3+ Kg8 19. Rad1 Qd7 20. Ne4 Qf7
21. Qg3 Nd5 22. Nc5 b6 23. Nd3 g6 24. Rc1 Nce7 25. Ne5 Qf5 26. Qh4 Rf8 27. Nd7
Rf7 28. Ne5 Rf8 29. Nd7 Rf7 30. Ne5 Rf8 31. Nd7 Rd8 32. Ng3 Qf7 33. Ne5 Qg7 34.
Qg4 Nf5 35. Nxf5 gxf5 36. Qh4 Rd6 37. Rfd1 h6 38. Rd3 f4 39. Rh3 Rh7 40. Qh5 Nf6
41. Qf3 Nd5 42. Rh4 Qf6 43. Qh5 Rd8 44. Ng4 Qg7 45. Nxh6+ Kf8 46. Re1 Rd6 47.
Re5 Nf6 48. Rxf4 Rxh6 49. Qf3 Ke7 50. h3 Rg6 51. g3 Rd5 52. Qa3+ Kd7 53. Re3 Ra5
54. Qb3 Nd5 55. Ref3 Nxf4 56. Rxf4 Rf6 57. Rh4 Qe7 58. a3 Kc8 59. Qc2 Kb7 60.
Rh7 Rf7 61. Rh6 Rd5 62. Qe4 Rf6 63. Rh7 Qd6 64. h4 Qc6 65. Rh8 Qc1+ 66. Kg2 Qxb2 0-1

[Event "World Rapid 2023"]
[Site "Samarkand UZB"]
[Date "2023.12.27"]
[EventDate "2023.12.26"]
[Round "9.68"]
[Result "0-1"]
[White "Harold Wanyama"]
[Black "Amilal Munkhdalai"]
[WhiteElo "2238"]
[BlackElo "2388"]
[PlyCount "80"]

1. d4 Nf6 2. c4 e6 3. g3 d5 4. Bg2 dxc4 5. Nf3 a6 6. a4 Nc6 7. O-O Bb4 8. a5 O-O
9. Bd2 Qd6 10. Bxb4 Qxb4 11. Qd2 Bd7 12. Rc1 b5 13. axb6 cxb6 14. Qxb4 Nxb4 15.
Rxc4 a5 16. Nc3 Rac8 17. Ne5 Rxc4 18. Nxc4 Rb8 19. e4 a4 20. Ne5 Be8 21. d5 b5
22. dxe6 fxe6 23. Bh3 Rb6 24. Rd1 Kf8 25. Rd8 Ke7 26. Ra8 Nc6 27. Nxc6+ Bxc6 28.
Ra7+ Kd6 29. Bg2 Kc5 30. Rc7 Ne8 31. Ra7 Rb7 32. Ra6 Nc7 33. Rxc6+ Kxc6 34. e5+
Nd5 35. f4 g6 36. Kf2 Kc5 37. Ne4+ Kb4 38. Nd6 Rc7 39. Bf1 Rc2+ 40. Kf3 Nc7 0-1

[Event "World Rapid 2023"]
[Site "Samarkand UZB"]
[Date "2023.12.27"]
[EventDate "2023.12.26"]
[Round "9.93"]
[Result "1/2-1/2"]
[White "Rinat Jumabayev"]
[Black "Bakhrom Bakhrillaev"]
[WhiteElo "2598"]
[BlackElo "2332"]
[PlyCount "244"]

1. d4 Nf6 2. c4 g6 3. g3 Bg7 4. Bg2 O-O 5. Nf3 d6 6. O-O c6 7. Nc3 Bf5 8. Ng5 e5
9. d5 cxd5 10. cxd5 a5 11. e4 Bd7 12. Qb3 Na6 13. Ne6 fxe6 14. dxe6 a4 15. Nxa4
Bxa4 16. Qxa4 Nc5 17. Qc4 Qe7 18. Rd1 Rfd8 19. b4 Qxe6 20. Bf1 b5 21. Qxe6+ Nxe6
22. Bxb5 Rab8 23. Bc4 Kf7 24. b5 Nxe4 25. Bb2 Nf6 26. a4 d5 27. Bxe5 dxc4 28.
Bxb8 Rxb8 29. Rac1 Rc8 30. b6 Ne4 31. a5 N4c5 32. Rxc4 Ra8 33. Rb4 Rxa5 34. b7
Nxb7 35. Rxb7+ Kf6 36. Rdd7 h5 37. Rf7+ Ke5 38. Rxg7 Nxg7 39. Rxg7 Kf6 40. Rh7
Ra2 41. Kg2 Rb2 42. h3 Ra2 43. Rd7 Rb2 44. Kf3 Ra2 45. Ke3 Ra3+ 46. Rd3 Ra6 47.
Rd4 Ra2 48. h4 Rb2 49. f3 Rb5 50. Rf4+ Kg7 51. Rc4 Kf6 52. Kf4 Rf5+ 53. Ke4 Re5+
54. Kd4 Re1 55. Rc6+ Kg7 56. Rc5 Kf6 57. Rc6+ Kg7 58. Rc5 Kf6 59. Rg5 Ra1 60.
Ke3 Ra3+ 61. Kf2 Ra2+ 62. Kf1 Ra1+ 63. Kg2 Ra2+ 64. Kh3 Rf2 65. f4 Kf7 66. Ra5
Kf6 67. Ra6+ Kf7 68. Rb6 Kg7 69. Re6 Kf7 70. Rd6 Kg7 71. Rd1 Kf6 72. Rg1 Ra2 73.
Rg2 Ra5 74. Re2 Rb5 75. Kg2 Ra5 76. Kf3 Kf5 77. Re3 Rb5 78. Rc3 Ra5 79. Rc6 Ra3+
80. Kg2 Ra5 81. Rb6 Rc5 82. Kh3 Ra5 83. Rb8 Kf6 84. Rf8+ Kg7 85. Re8 Kf6 86. Re3
Ra2 87. Rb3 Rc2 88. Rb6+ Kf5 89. Rb8 Kf6 90. Rd8 Ra2 91. Rd5 Rb2 92. Rg5 Rf2 93.
Rb5 Ra2 94. Rb1 Rc2 95. Rh1 Ra2 96. Rh2 Ra5 97. Re2 Rb5 98. Kg2 Ra5 99. Kf3 Kf5
100. Re3 Rb5 101. Ra3 Rc5 102. Ra6 Rc3+ 103. Kg2 Rc2+ 104. Kh3 Rb2 105. Ra8 Kf6
106. Ra1 Kf5 107. Rg1 Kf6 108. Rg2 Rb5 109. g4 hxg4+ 110. Kxg4 Rb1 111. Rg3 Ra1
112. Rb3 Rg1+ 113. Kf3 Rf1+ 114. Ke4 Rh1 115. Rb6+ Kg7 116. Rb7+ Kh6 117. Rb8
Kg7 118. Rb7+ Kh6 119. Ke5 Rxh4 120. Rb8 Rh5+ 121. Ke4 Ra5 122. Rb4 1/2-1/2

[Event "World Rapid 2023"]
[Site "Samarkand UZB"]
[Date "2023.12.27"]
[EventDate "2023.12.26"]
[Round "9.94"]
[Result "1-0"]
[White "Tigran K Harutyunyan"]
[Black "Asrorjon Omonov"]
[WhiteElo "2519"]
[BlackElo "2224"]
[PlyCount "276"]

1. Nf3 Nf6 2. g3 d5 3. Bg2 c6 4. O-O Bg4 5. d4 e6 6. Nbd2 Nbd7 7. Re1 Be7 8. e4
dxe4 9. Nxe4 Nxe4 10. Rxe4 Nf6 11. Re1 O-O 12. c3 a5 13. Qb3 Bxf3 14. Bxf3 Qd7
15. a4 Nd5 16. h4 Rfe8 17. Kg2 Bf6 18. h5 h6 19. Bd2 Reb8 20. Qc2 Rc8 21. Re4 c5
22. dxc5 Rxc5 23. Rd1 Rac8 24. Rg4 Rc4 25. Rxc4 Rxc4 26. b3 Rc8 27. c4 Qc7 28.
Qe4 Nc3 29. Bxc3 Bxc3 30. Qxb7 Qxb7 31. Bxb7 Rb8 32. Rd7 Bb4 33. Bc6 Kf8 34. Bb5
Rc8 35. f4 Bc5 36. Kf3 Bb4 37. Ke4 Rc5 38. Rd8+ Ke7 39. Re8+ Kf6 40. g4 Rc7 41.
Rd8 Bc5 42. Rd2 Bb4 43. Rd3 Ba3 44. Rg3 Rc5 45. Bd7 Ke7 46. Bb5 Kf6 47. Kd4 Bb4
48. Ke4 Ba3 49. Rd3 Rc7 50. Kf3 Bb4 51. Rd1 Ba3 52. Kg3 Bc5 53. Rd3 Bb6 54. Rd2
Bc5 55. Rd3 Bb4 56. Kh4 Be1+ 57. Kh3 Bb4 58. Rd1 Bc5 59. Kg3 Bb6 60. f5 Bc5 61.
fxe6 fxe6 62. Kf4 Bb4 63. Rd8 Bc5 64. Ra8 Bb4 65. Ra6 Bd2+ 66. Kf3 Bb4 67. Ke4
Bc3 68. Bc6 Kg5 69. Be8 Kf6 70. Rb6 Bb4 71. Rb5 Rc8 72. Bg6 Rc7 73. Kf4 Bd2+ 74.
Kf3 Bb4 75. Be4 Ke7 76. Rb6 Rd7 77. Rb5 Rc7 78. Kf4 Kf6 79. Rb6 Bd2+ 80. Kf3 Ke5
81. Bg6 Bb4 82. Rb8 Rd7 83. Ke3 Bc5+ 84. Ke2 Bb4 85. Ke3 Bc5+ 86. Ke2 Bb4 87.
Kf3 Kd4 88. Rc8 Ba3 89. Rc6 e5 90. Rb6 Bb4 91. Bf5 Re7 92. Rb8 e4+ 93. Ke2 Kc3
94. Rc8 Re5 95. Rc7 Re7 96. Rc8 Re5 97. Ke3 Kxb3 98. Bxe4 Kxa4 99. Kd4 Re7 100.
c5 Kb3 101. Bd5+ Kb2 102. Kc4 Be1 103. Ra8 Rc7 104. c6 Re7 105. Kb5 Kc3 106.
Rxa5 Kd4 107. Ra1 Bg3 108. Bg8 Ke3 109. Bh7 Kf4 110. Bf5 Kg5 111. Bd7 Re2 112.
Rc1 Bc7 113. Bf5 Re5+ 114. Ka6 Re7 115. Bd7 g6 116. Kb7 Bf4 117. Rc5+ Kf6 118.
hxg6 Kxg6 119. Rd5 Re2 120. c7 Rb2+ 121. Bb5 Bxc7 122. Kxc7 Rb4 123. Be8+ Kf6
124. Bh5 Re4 125. Rf5+ Kg7 126. Kd6 Re1 127. Rf7+ Kg8 128. Re7 Rd1+ 129. Ke6 Rf1
130. Bg6 Rf2 131. Ra7 Rf8 132. Bh7+ Kh8 133. Bf5 Kg8 134. Re7 Rb8 135. Kf6 Rb6+
136. Be6+ Kh8 137. Kg6 Rb8 138. Rh7# 1-0

[Event "World Rapid 2023"]
[Site "Samarkand UZB"]
[Date "2023.12.27"]
[EventDate "2023.12.26"]
[Round "9.95"]
[Result "1-0"]
[White "Daler Vakhidov"]
[Black "Mohamed Tissir"]
[WhiteElo "2175"]
[BlackElo "2349"]
[PlyCount "72"]

1. d4 e6 2. Nf3 Nf6 3. g3 d5 4. Bg2 h6 5. O-O Bd6 6. c4 O-O 7. Nbd2 c5 8. b3 Nc6
9. Bb2 Re8 10. e3 Qe7 11. cxd5 exd5 12. Rc1 b6 13. dxc5 bxc5 14. Nh4 Ne5 15.
Ndf3 Bg4 16. h3 Nxf3+ 17. Nxf3 Be6 18. Be5 Rac8 19. Bxd6 Qxd6 20. Qd3 Red8 21.
Rfd1 Qb6 22. Rc2 Ne4 23. Nd2 c4 24. bxc4 Nc5 25. Qe2 Bf5 26. Rc3 Qa5 27. Rdc1 d4
28. exd4 Rxd4 29. Nb3 Nxb3 30. axb3 Rcd8 31. c5 Bd3 32. Qe7 Bf5 33. c6 Qb6 34.
c7 Rd1+ 35. Kh2 Qxf2 36. Qxd8+ 1-0

[Event "World Rapid 2023"]
[Site "Samarkand UZB"]
[Date "2023.12.27"]
[EventDate "2023.12.26"]
[Round "9.96"]
[Result "0-1"]
[White "Jamshid Mustafaev"]
[Black "Timur Yonal"]
[WhiteElo "2313"]
[BlackElo "2003"]
[PlyCount "108"]

1. Nf3 d5 2. g3 Nf6 3. Bg2 g6 4. O-O Bg7 5. d3 O-O 6. Nbd2 Bf5 7. Qe1 Nbd7 8. e4
dxe4 9. dxe4 Bg4 10. h3 Bxf3 11. Nxf3 e5 12. b3 Qe7 13. a4 Rfd8 14. Ba3 Qe6 15.
Qe2 Bf8 16. Bb2 c6 17. Rfd1 Bd6 18. Nd2 Bc7 19. Nc4 Nb6 20. Na5 Rxd1+ 21. Qxd1
Rb8 22. Qe2 Nbd7 23. Nc4 b5 24. axb5 cxb5 25. Ne3 Bb6 26. Nd5 a5 27. Kh1 Bd8 28.
f4 Nh5 29. Qf3 Rc8 30. f5 Qe8 31. g4 Nhf6 32. fxg6 hxg6 33. Qe2 Nc5 34. Nxf6+
Bxf6 35. Rf1 Bg7 36. Bc1 a4 37. bxa4 bxa4 38. Be3 Ne6 39. Ra1 Bf8 40. Bf1 Qc6
41. Qd3 a3 42. c4 Rd8 43. Qc2 Ra8 44. Ra2 Bc5 45. Bc1 Nd4 46. Qg2 Qb7 47. Bg5
Ne6 48. Bc1 Qb3 49. h4 Bd4 50. c5 Bb2 51. Rxb2 axb2 52. Qxb2 Nxc5 53. Qxe5 Qf3+
54. Kg1 Qxg4+ 0-1

[Event "World Rapid 2023"]
[Site "Samarkand UZB"]
[Date "2023.12.27"]
[EventDate "2023.12.26"]
[Round "9.97"]
[Result "1-0"]
[White "Felix Xie"]
[Black "Shahruh Turayev"]
[WhiteElo "2244"]
[BlackElo "2183"]
[PlyCount "60"]

1. Nf3 d5 2. e3 Nf6 3. c4 e6 4. b3 Nbd7 5. Bb2 b6 6. cxd5 exd5 7. g3 Bd6 8. Nc3
O-O 9. Bg2 Ba6 10. Ne2 Nc5 11. O-O Nd3 12. Bc3 Ne4 13. Ne1 Qg5 14. Nxd3 Bxd3 15.
Re1 Rae8 16. Nc1 Ba6 17. Bb2 f5 18. d3 Nxf2 19. Kxf2 f4 20. exf4 Bxf4 21. Bf3
Be3+ 22. Kg2 d4 23. Rf1 Rf6 24. Ne2 c5 25. Ng1 Ref8 26. Qe2 Qf5 27. Rad1 g5 28.
Ba1 Qg6 29. h3 h5 30. Bd5+ Kg7 1-0

[Event "World Rapid 2023"]
[Site "Samarkand UZB"]
[Date "2023.12.27"]
[EventDate "2023.12.26"]
[Round "9.98"]
[Result "0-1"]
[White "Ali Kasimov"]
[Black "Rojas Salas, Steven"]
[WhiteElo "2206"]
[BlackElo "2172"]
[PlyCount "92"]

1. d4 d5 2. c4 e6 3. Nf3 Nf6 4. g3 dxc4 5. Bg2 c5 6. O-O Nc6 7. Ne5 Bd7 8. Na3
cxd4 9. Naxc4 Be7 10. Qb3 Qc7 11. Nxc6 Bxc6 12. Bf4 Qd8 13. Bxc6+ bxc6 14. Qa4
O-O 15. Qxc6 Rc8 16. Qa4 Nd5 17. Bd2 Nb6 18. Nxb6 Qxb6 19. b4 a6 20. Rac1 Qb5
21. Qd1 Rxc1 22. Bxc1 Qxb4 23. Qd3 Qb5 24. Qxd4 Qxe2 25. a4 Rd8 26. Qa7 Bf6 27.
Be3 g6 28. Qb7 Kg7 29. a5 Rd1 30. Rxd1 Qxd1+ 31. Kg2 Qd5+ 32. Qxd5 exd5 33. Bb6
Kf8 34. Kf3 Ke7 35. Ke3 Kd6 36. Kd3 Kc6 37. f3 h5 38. h3 Be7 39. g4 Bc5 40. Bd8
Kb5 41. f4 Bb4 42. f5 hxg4 43. hxg4 Bxa5 44. Be7 Bb4 45. fxg6 fxg6 46. Bf6 Bc5 0-1